000 01132cam a22002531i 4500
003 SA_RiAUC
005 20260111133846.0
008 260107s2009____su g f000 0cara c
020 _a9789960038483
040 _aSA-JeALM
_bara
_cSA-RiAUC
_erda
082 0 4 _a234.6
_qSA-RiAUC
090 _a234.6
_bش هـ ر
100 1 _aالشهري، يحيى بن عبد الله بن يحيى
_eمؤلف.
245 1 0 _aمعرفة زوائد الرجال :
_bدراسة حول الذيول والمستدركات في تاريخ الرواة /
_cيحيى بن عبد الله البكري الشهري.
250 _aالطبعة الأولى.
264 1 _aمكة المكرمة :
_bجامعة أم القرى، معهد البحوث العلمية وإحياء التراث الإسلامي،
_c2009
300 _a431 صفحة ؛
_c24 سم.
336 _aنص
_btxt
_2rdacontent
_3كتاب
337 _aبدون وسيط
_bn
_2rdamedia
490 0 _aسلسلة بحوث الدراسات الإسلامية
650 7 _aالحديث
_xتراجم الرواة
_2aucsh
942 _2ddc
_cBOOK
_n0
949 _aSA-JeALM
_d260107
_uosman123
_n1
999 _c13987
_d13987